=LDR 00000nam 2200000 4500 =001 INLIS000000000045293 =005 20150115084357.0 =006 =007 =008 =020 ##$$a 978.979.756.012-6 =035 ##$$0010-011500000000119 =040 ##$$a NBPDMAT =082 ##$$a 627.58 =090 ##$$a 627.58 Bud m =100 ##$$a Budi Nurani =245 ##$$a Mengenal laut untuk menjaga kelestarian laut / Budi Nurani; editor Ria Kurniawati =250 ##$$a Cet. 3 =260 ##$$a Jakarta$bGraha Ilmu Mulia$c2010 =300 ##$$a v, 59 hlm. : ilus. ; 25 cm =500 ##$$a Bibliografi hlm : 58 =650 ##$$a Ekosistem Laut-Pelestarian =700 ##$$a Ria Kurniawati =850 ##$$a NBPDMAT